| 000 | 01387nam0a2200313 4500 | ||
|---|---|---|---|
| 001 | RU\NLR\bibl\1062232 | ||
| 005 | 20241119141045.0 | ||
| 020 |
_aRU _b06-17665 _9Летопись авторефератов диссертаций |
||
| 021 |
_aRU _b2006-12237а _9490а |
||
| 035 | _a(NLR Aleph) 001049498 | ||
| 090 |
_a869455 _c869455 |
||
| 100 | _a20061214d2006 u u0rusy50 ca | ||
| 101 | 0 | _arus | |
| 102 | _aRU | ||
| 105 | _ay dm ||||| | ||
| 200 | 1 |
_aПроблема свободы в христиански ориентированной философии ХХ века _e(социально-философский аспект) _eавтореф. дис. на соиск. учен. степ. канд. филос. наук _eспециальность 09.00.11 <Соц. философия> _fГолигузов Дмитрий Викторович _g[Помор. гос. ун-т им. М. В. Ломоносова] |
|
| 210 |
_aМурманск _d2006 |
||
| 215 |
_a19 с. _d21 |
||
| 320 | _aБиблиогр.: с. 19 (6 назв.) | ||
| 675 |
_a101.1:316 _v3 _zrus |
||
| 686 |
_a02 _2rugasnti |
||
| 686 |
_a87+86.4 _2rubbk |
||
| 686 |
_a09.00.11 _2oksvnk |
||
| 700 | 1 |
_aГолигузов _bД. В. _gДмитрий Викторович _4070 |
|
| 801 | 0 |
_aRU _bRKP _c20061214 _gPSBO |
|
| 801 | 1 |
_aRU _bRKP _c20061214 |
|
| 801 | 2 |
_aRU _bNLR _c20070321 _grcr |
|
| 942 | _cBOOK | ||